Statistics for Countries By Birth Rate

Click here to take the quiz!

General Stats

  • This quiz has been taken 24 times
  • The average score is 24 of 39

Answer Stats

10 Principais Países% Correct
6.90Japan
91%
46.86Niger
91%
34.79Afghanistan
87%
26.01Pakistan
87%
17.80Dominican Republic
78%
21.88Guatemala
78%
16.99Venezuela
78%
39.64D.R. Congo
74%
20.81Haiti
74%
24.22Iraq
74%
7.00Italy
74%
6.95South Korea
74%
39.85Chad
70%
17.64Honduras
70%
40.54Mali
70%
16.96Peru
70%
37.07South Sudan
70%
7.12Spain
70%
18.08Bolivia
65%
17.49El Salvador
65%
7.52Greece
61%
22.19Syria
61%
24.05Yemen
61%
20.93Belize
57%
6.61Monaco
57%
22.17Philippines
57%
7.33Taiwan
57%
41.42Angola
52%
36.94Mozambique
52%
17.71Panama
52%
7.99Portugal
52%
37.71Somalia
52%
40.27Uganda
48%
40.72
Benin
43%
22.37Jordan
43%
6.87Andorra
39%
21.62Oman
35%
7.97Bulgaria
30%
30.36East Timor
22%

Score Distribution

Percentile by Number Answered

Percent of People with Each Score

Your Score History

You have not taken this quiz